[Event "Gorges op 27th"]
[Site "Gorges"]
[Date "2017.07.09"]
[Round "4"]
[White "Blanloeil, Christophe"]
[Black "Munkhbayar, Janjaadorj"]
[Result "0-1"]
[WhiteElo "1722"]
[BlackElo "1993"]
[PlyCount "86"]
[EventDate "2017.07.08"]
[EventType "swiss"]
[EventRounds "5"]
[EventCountry "FRA"]
[SourceTitle "EXT 2019"]
[Source "ChessBase"]
[SourceDate "2018.10.10"]
[SourceVersion "1"]
[SourceVersionDate "2018.10.10"]
[SourceQuality "1"]

1. e4 c5 2. Nf3 Nc6 3. d4 cxd4 4. Nxd4 Nf6 5. Nc3 e5 6. Nf3 Bb4 7. Bg5 Bxc3+ 8. bxc3 Qa5 9. Bxf6 Qxc3+ 10. Nd2 gxf6 11. Bc4 Nd4 12. 0-0 Rg8 13. Qh5 Ne6 14. Qxh7 Rg6 15. Qh8+ Ke7 16. Rad1 b6 17. Qh4 Bb7 18. Bxe6 dxe6 19. f4 Rag8 20. Rf2 Qxc2 21. Re1 Rg4 22. Qh3 Qc5 23. Qe3 Qxe3 24. Rxe3 exf4 25. Rc3 Rc8 26. Rxc8 Bxc8 27. Rf3 e5 28. Rc3 Kd8 29. Rc6 Be6 30. Kf2 Kd7 31. Rc3 f5 32. Rd3+ Ke7 33. Ra3 a5 34. Rc3 fxe4 35. Nxe4 Bd5 36. h3 Rg8 37. Nd2 Rxg2+ 38. Ke1 e4 39. Nxe4 Bxe4 40. Rc7+ Ke6 41. h4 Rxa2 42. Rc8 f3 43. h5 f2+ 0-1